000 00227nam a2200085Ia 4500
008 120527s9999 xx 000 0 und d
100 _aDIULIO, E.
245 _aSchaum's outline of theory and problem of macro Economic
942 _cBK
999 _c25495
_d25495